| 000 | 00981nam0a2200289 4500 | ||
|---|---|---|---|
| 001 | RU\NLR\bibl\1338545 | ||
| 005 | 20260406060126.0 | ||
| 010 |
_a5-88060-049-1 _910000 |
||
| 021 |
_aRU _b2008-105754 _96236 |
||
| 035 | _a(NLR Aleph) 001323723 | ||
| 090 |
_a756351 _c756351 |
||
| 100 | _a20090310d2008 |||y0rusy50 ca | ||
| 101 | 0 | _arus | |
| 102 | _aRU | ||
| 105 | _ay ||||||||| | ||
| 200 | 1 |
_aТаинство брака _fпротоиер. Геннадий Нефедов |
|
| 210 |
_aМосква _cПравославны Паломник-М _d2008 |
||
| 215 |
_a92, [2] с. _d17 |
||
| 606 | 1 |
_aБрак _xПравославная концепция _92054948 _3RU\NLR\auth\661232302 |
|
| 686 | _aЭ372.24-503.265 | ||
| 700 | 1 |
_4070 _8rus _7ca _aНефедов _bГ. _f1942- _gГеннадий _3RU\NLR\auth\7710394 _9120171 |
|
| 801 | 0 |
_aRU _bNLR _c20090310 _gRCR |
|
| 801 | 1 |
_aRU _bNLR _c20090310 |
|
| 942 | _cBOOK | ||
| 980 | _aNB | ||